[Event "COL-ch U12 sf1"]
[Site "Duitama"]
[Date "2019.04.12"]
[Round "3.12"]
[White "Agudelo Zapata, Yarli Alejandra"]
[Black "Ortiz Avellaneda, Stephen Nicolas"]
[Result "1-0"]
[WhiteElo "1180"]
[BlackElo "1381"]
[PlyCount "31"]
[EventDate "2019.04.11"]
[EventType "swiss"]
[EventRounds "6"]
[EventCountry "COL"]
[SourceTitle "EXT 2024"]
[Source "ChessBase"]
[SourceDate "2023.10.10"]
[SourceVersion "1"]
[SourceVersionDate "2023.10.10"]
[SourceQuality "1"]

1. d4 d5 2. c4 e5 3. dxe5 d4 4. Nf3 c5 5. e3 Nc6 6. b3 f6 7. exf6 Nxf6 8. exd4 Nxd4 9. Nxd4 Qxd4 10. Qxd4 cxd4 11. Bb2 Bd7 12. g3 0-0-0 13. Bg2 Bb4+ 14. Nd2 Bxd2+ 15. Kxd2 Be6 16. Rhe1 1-0

[Event "COL-ch U12 sf1"]
[Site "Duitama"]
[Date "2019.04.11"]
[Round "1.5"]
[White "Gomez Leon, Nicolas"]
[Black "Ortiz Avellaneda, Stephen Nicolas"]
[Result "1-0"]
[WhiteElo "1377"]
[BlackElo "1381"]
[PlyCount "81"]
[EventDate "2019.04.11"]
[EventType "swiss"]
[EventRounds "6"]
[EventCountry "COL"]
[SourceTitle "EXT 2024"]
[Source "ChessBase"]
[SourceDate "2023.10.10"]
[SourceVersion "1"]
[SourceVersionDate "2023.10.10"]
[SourceQuality "1"]

1. d4 d5 2. Nf3 Nc6 3. Bf4 Nf6 4. e3 Bf5 5. c4 e6 6. cxd5 exd5 7. Nc3 Bd6 8. Bg3 0-0 9. Bd3 Be4 10. Bh4 Be7 11. Bxf6 Bxd3 12. Bxe7 Nxe7 13. Qxd3 h6 14. 0-0 Re8 15. Rac1 c6 16. Rfe1 Ng6 17. Ne2 Nh4 18. Nxh4 Qxh4 19. Ng3 Qf6 20. Qf5 Qxf5 21. Nxf5 Re6 22. Rc2 Rae8 23. Rce2 b6 24. Ng3 g6 25. e4 h5 26. exd5 cxd5 27. Rxe6 fxe6 28. h3 Kg7 29. f4 Kh6 30. f5 gxf5 31. Nxf5+ Kg6 32. Nd6 Re7 33. Nc8 Rc7 34. Nd6 Re7 35. Re5 h4 36. Kf2 a5 37. Nc8 Rf7+ 38. Ke2 Rf8 39. Rxe6+ Kf5 40. Re5+ Kf6 41. Rxd5 1-0